|
|
|
|
| LEADER |
00000nam0a2200000 4500 |
| 001 |
259712 |
| 005 |
20231101233418.0 |
| 010 |
|
|
|a 5217001836
|
| 020 |
|
|
|a RU
|b 88-20083
|
| 035 |
|
|
|a (RuTPU)RU\TPU\book\282658
|
| 090 |
|
|
|a 259712
|
| 100 |
|
|
|a 20140512d1988 km y0rusy5003 ca
|
| 101 |
0 |
|
|a rus
|
| 102 |
|
|
|a RU
|
| 105 |
|
|
|a a z 001zy
|
| 200 |
1 |
|
|a Информационные системы
|f В. Н. Ханенко
|
| 210 |
|
|
|a Ленинград
|c Машиностроение
|d 1988
|
| 215 |
|
|
|a 127 с.
|c ил.
|
| 225 |
1 |
|
|a ЭВМ в производстве
|
| 320 |
|
|
|a Библиогр.: с. 121-126 (103 назв.).
|
| 606 |
1 |
|
|a Информационная техника
|2 stltpush
|3 (RuTPU)RU\TPU\subj\12896
|9 39599
|
| 610 |
1 |
|
|a информационные системы
|
| 610 |
1 |
|
|a информационные ресурсы
|
| 610 |
1 |
|
|a информационные потоки
|
| 610 |
1 |
|
|a кодирование
|
| 610 |
1 |
|
|a информация
|
| 610 |
1 |
|
|a моделирование
|
| 610 |
1 |
|
|a вычислительные системы
|
| 610 |
1 |
|
|a информационная поддержка
|
| 610 |
1 |
|
|a автоматизация
|
| 610 |
1 |
|
|a промышленность
|
| 610 |
1 |
|
|a управление
|
| 610 |
1 |
|
|a проектирование
|
| 610 |
1 |
|
|a научные исследования
|
| 675 |
|
|
|a 681.518
|v 3
|
| 700 |
|
1 |
|a Ханенко
|b В. Н.
|g Владимир Николаевич
|
| 801 |
|
0 |
|a RU
|b RuMRKP
|c 19950417
|g psbo
|
| 801 |
|
1 |
|a RU
|b 63413507
|c 20140512
|
| 801 |
|
2 |
|a RU
|b 63413507
|c 20191003
|g RCR
|
| 942 |
|
|
|c BK
|